| 000 | 00609nam a2200229 i 4500 | ||
|---|---|---|---|
| 001 | 8168 | ||
| 003 | ES-MaACL | ||
| 005 | 20250721062552.0 | ||
| 007 | t| | ||
| 008 | 920228s1989 fr ||||1| fre d | ||
| 020 | _a2-7178-1735-2 | ||
| 080 | _a33(02) | ||
| 100 | 1 |
_aDidier, Michel. _944519 |
|
| 245 | 1 | 0 |
_aEconomie _b: les règles du jeu / _cMichel Didier. |
| 250 | _a2º ed. | ||
| 260 |
_aParis : _bEconomica, _ccop.1989. |
||
| 300 |
_a382 p. ; _c24 cm. |
||
| 504 | _aBibliogr.: p. 363-382. | ||
| 650 | 1 | 7 |
_aEconomía _2embne _912006 |
| 852 |
_aES-MaACL _jL-15466 _bR.119039 |
||
| 999 |
_c8168 _d8168 |
||